<?xml version="1.0" encoding="UTF-8"?>
<record
    xmlns:xsi="http://www.w3.org/2001/XMLSchema-instance"
    xsi:schemaLocation="http://www.loc.gov/MARC21/slim http://www.loc.gov/standards/marcxml/schema/MARC21slim.xsd"
    xmlns="http://www.loc.gov/MARC21/slim">

  <leader>01323    a2200289   4500</leader>
  <controlfield tag="001">117715</controlfield>
  <datafield tag="020" ind1=" " ind2=" ">
    <subfield code="a">9788538008446</subfield>
  </datafield>
  <datafield tag="020" ind1=" " ind2=" ">
    <subfield code="q">(broch.)</subfield>
  </datafield>
  <datafield tag="041" ind1=" " ind2=" ">
    <subfield code="a">por</subfield>
  </datafield>
  <datafield tag="082" ind1=" " ind2=" ">
    <subfield code="a">[Fic]</subfield>
  </datafield>
  <datafield tag="100" ind1=" " ind2=" ">
    <subfield code="a">Hyde, Edgar J.</subfield>
  </datafield>
  <datafield tag="240" ind1="1" ind2="0">
    <subfield code="a">Happy  Halloween</subfield>
  </datafield>
  <datafield tag="250" ind1=" " ind2=" ">
    <subfield code="a">.ed.</subfield>
  </datafield>
  <datafield tag="490" ind1=" " ind2=" ">
    <subfield code="a">Hora do Espanto</subfield>
  </datafield>
  <datafield tag="520" ind1=" " ind2=" ">
    <subfield code="a">Samanta, Tiago e Mandy s&#xE3;o irm&#xE3;os. Os pais deles decidem descansar um pouco em uma tranquila aldeia no fim de semana do Dia das Bruxas. Os adolescentes est&#xE3;o muito preocupados, pois ficar em uma aldeia chata vai estragar a brincadeira de travessuras ou gostosuras. Com certeza, o Dia das Bruxas ser&#xE1; bem diferente do normal, mas longe de ser uma chatice! Samanta descobre um velho livro de feiti&#xE7;aria e rapidamente percebe que &#xE9; capaz de controlar perigosos poderes. Logo, ela &#xE9; levada para um mundo terr&#xED;vel e sinistro de magos e bruxos, e precisa escapar ou perder&#xE1; a vida.</subfield>
  </datafield>
  <datafield tag="521" ind1=" " ind2=" ">
    <subfield code="a">Year 5</subfield>
  </datafield>
  <datafield tag="697" ind1=" " ind2=" ">
    <subfield code="a">Fic&#xE7;&#xE3;o juvenil.</subfield>
  </datafield>
  <datafield tag="697" ind1=" " ind2=" ">
    <subfield code="a">Assustador</subfield>
  </datafield>
  <datafield tag="856" ind1=" " ind2=" ">
    <subfield code="u">00002c/00002cb7.jpg</subfield>
  </datafield>
  <datafield tag="040" ind1=" " ind2=" ">
    <subfield code="a">BR-BrIDEA</subfield>
    <subfield code="c">BR-BrIDEA</subfield>
  </datafield>
  <datafield tag="090" ind1=" " ind2=" ">
    <subfield code="a">A Year 5 [Fic]</subfield>
    <subfield code="b">HYD</subfield>
  </datafield>
  <datafield tag="245" ind1="1" ind2="0">
    <subfield code="a">Feliz dia das bruxas</subfield>
    <subfield code="c">Edgar J. Hyde ; tradu&#xE7;&#xE3;o de Silvio Antunha</subfield>
  </datafield>
  <datafield tag="260" ind1=" " ind2=" ">
    <subfield code="a">Barueri, SP</subfield>
    <subfield code="b">Ciranda Cultural</subfield>
    <subfield code="c">2015</subfield>
  </datafield>
  <datafield tag="300" ind1=" " ind2=" ">
    <subfield code="a">[112] p.</subfield>
    <subfield code="e">19.8 x 13 x 1 cm</subfield>
  </datafield>
  <datafield tag="700" ind1=" " ind2=" ">
    <subfield code="a">Antunha, Silvio</subfield>
    <subfield code="e">tradutor</subfield>
  </datafield>
  <datafield tag="942" ind1=" " ind2=" ">
    <subfield code="c">BK</subfield>
  </datafield>
  <datafield tag="952" ind1=" " ind2=" ">
    <subfield code="0">0</subfield>
    <subfield code="1">0</subfield>
    <subfield code="2">ddc</subfield>
    <subfield code="4">0</subfield>
    <subfield code="7">0</subfield>
    <subfield code="a">12.27</subfield>
    <subfield code="b">12.27</subfield>
    <subfield code="d">2021-11-10</subfield>
    <subfield code="l">0</subfield>
    <subfield code="o">A Year 5 [Fic] HYD</subfield>
    <subfield code="p">00055601AGC</subfield>
    <subfield code="r">2024-01-23 15:00:05</subfield>
    <subfield code="w">2024-01-23</subfield>
    <subfield code="y">BK</subfield>
  </datafield>
  <datafield tag="952" ind1=" " ind2=" ">
    <subfield code="0">0</subfield>
    <subfield code="1">0</subfield>
    <subfield code="2">ddc</subfield>
    <subfield code="4">0</subfield>
    <subfield code="7">0</subfield>
    <subfield code="a">12.27</subfield>
    <subfield code="b">12.27</subfield>
    <subfield code="d">2021-11-10</subfield>
    <subfield code="l">0</subfield>
    <subfield code="o">A Year 5 [Fic] HYD</subfield>
    <subfield code="p">00055602AGC</subfield>
    <subfield code="r">2024-01-23 15:00:05</subfield>
    <subfield code="w">2024-01-23</subfield>
    <subfield code="y">BK</subfield>
  </datafield>
  <datafield tag="999" ind1=" " ind2=" ">
    <subfield code="c">117715</subfield>
    <subfield code="d">117715</subfield>
  </datafield>
</record>
